ბათუმის შოთა რუსთაველის სახელმწიფო უნივერსიტეტის ბიბლიოთეკა

სახალხო განათლება მე-19 საუკუნის რეფორმის შემდგომ საქართველოში : (ბიბ.ჩანაწერი № 38328)

000 -ლიდერი
ფიქსირებული სიგრძის საკონტროლო ველი 00980nam a2200205Ia 4500
001 - საკონტროლო ნომერი
საკონტროლო ველი 4338
003 - საკონტროლო ნომრის იდენტიფიკატორი
საკონტროლო ველი GE_BSU
005 - ბოლო ოპერაციის თარიღი და დრო
საკონტროლო ველი 20191003124219.0
008 - ფიქსირებული სიგრძის მონაცემთა ელემენტები - ზოგადი ინფორმაცია
ფიქსირებული სიგრძის საკონტროლო ველი 181216s1974||||ge |||||||||||||| ||geo||
040 ## - კატალოგიზაციის წყარო
Transcribing agency GE_BSU
041 ## - ენის კოდი
Language code of text/sound track or separate title geo
080 ## - უნივერსალური ათობითი კლასიფიკაციის ინდექსი
Universal Decimal Classification number 37.01(479.22) გ–14
100 ## - მთავარი ჩანაწერი - პიროვნების სახელი
Personal name გაგუა, ვ.
9 (RLIN) 4471
245 ## - ცნობა სათაურის შესახებ
Title სახალხო განათლება მე-19 საუკუნის რეფორმის შემდგომ საქართველოში :
Remainder of title დამხმ. სახელმძღვ. პედ. ინ-ტების სტუდ.
Statement of responsibility, etc რედ. ი.ხუციშვილი.
264 ## - წარმოების, გამოცემის, დისტრიბუციის და სხვა ცნობები
გამოცემის, წარმოების, დისტრიბუციის... ადგილი თბლისი :
გამოცემის, წარმოების, დისტრიბუციის... სახელწოდება განათლება,
გამოცემის, წარმოების, დისტრიბუციის... თარიღი 1974.
300 ## - ფიზიკური აღწერა
Extent 322 გვ. ;
Other physical details 22 სმ.
653 ## - INDEX TERM--UNCONTROLLED
Uncontrolled term სახალხო განათლების ისტორია საქართველოში
700 ## - ADDED ENTRY--PERSONAL NAME
Personal name ხუციშვილი, ი.
Relator term რედაქტორი
9 (RLIN) 4472
942 ## - ADDED ENTRY ELEMENTS (KOHA)
Koha item type წიგნი
Source of classification or shelving scheme
ეგზემპლარები
ჩამოწერის სტატუსი დაკარგული ეგზემპლარის სტატუსი კლასიფიკაციის წყარო ან თაროზე გაწყობის სქემა დაზიანების სტატუსი არ გაიცემა მუდმივი მდებარეობა (დაცვის ადგილი) ამჟამინდელი ადგილსამყოფელი თაროზე განთავსების ადგილი შეძენის თარიღი ღირებულება, შესყიდვის ნორმალური ფასი სრული შენახვის შიფრი შტრიხკოდი ბოლო ოპერაციის თარიღი ეგზემპლარის მიმდევრობითი ნომერი (კეტერი?) ფასის ძალაში შესვლის თარიღი ეგზემპლარის სახეობა საჯარო შენიშვნა
          ბათუმის შოთა რუსთაველის სახელმწიფო უნივერსიტეტის მთავარი ბიბლიოთეკა ბათუმის შოთა რუსთაველის სახელმწიფო უნივერსიტეტის მთავარი ბიბლიოთეკა წიგნსაცავი 2018-12-17 2.00 37.01(479.22) გ–14 5900 2018-12-17 5900 2018-12-17 წიგნი 2 ლ.
          ბათუმის შოთა რუსთაველის სახელმწიფო უნივერსიტეტის მთავარი ბიბლიოთეკა ბათუმის შოთა რუსთაველის სახელმწიფო უნივერსიტეტის მთავარი ბიბლიოთეკა წიგნსაცავი 2018-12-17 2.00 37.01(479.22) გ–14 5867 2018-12-17 5867 2018-12-17 წიგნი 2 ლ.